000 00541nam a2200205Ia 4500
005 20240913130129.0
008 240913s9999||||xx |||||||||||||| ||und||
020 _a978-0-7693-0076-4
041 _aENGLISH
082 _A616.323 P2
100 _aArvedson,Joan C
245 0 _aPediatric Swallowing and Feeding
250 _a2nd
260 _c2002
_bDelmar Cengage Lea
500 _aREFERENCE
650 _aAudiology Speech and Language Pathology
_bAllied Health Science
700 _aBrodsky,Linda
942 _cREF
999 _c247032
_d247032